<?xml version="1.0" encoding="UTF-8"?>
<record
    xmlns:xsi="http://www.w3.org/2001/XMLSchema-instance"
    xsi:schemaLocation="http://www.loc.gov/MARC21/slim http://www.loc.gov/standards/marcxml/schema/MARC21slim.xsd"
    xmlns="http://www.loc.gov/MARC21/slim">

  <leader>03488njm a2200565Ia 4500</leader>
  <controlfield tag="001">25597</controlfield>
  <controlfield tag="003">IT-RoPAU</controlfield>
  <controlfield tag="005">20220918181125.0</controlfield>
  <controlfield tag="008">131025s9999    xx            000 0 und d</controlfield>
  <datafield tag="040" ind1=" " ind2=" ">
    <subfield code="a">IT-RoPAU</subfield>
  </datafield>
  <datafield tag="040" ind1=" " ind2=" ">
    <subfield code="c">IT-RoPAU</subfield>
  </datafield>
  <datafield tag="999" ind1=" " ind2=" ">
    <subfield code="c">100081</subfield>
    <subfield code="d">100081</subfield>
  </datafield>
  <datafield tag="999" ind1=" " ind2=" ">
    <subfield code="b">n.d.</subfield>
  </datafield>
  <datafield tag="100" ind1=" " ind2=" ">
    <subfield code="a">AA.VV.</subfield>
    <subfield code="9">794</subfield>
  </datafield>
  <datafield tag="100" ind1=" " ind2=" ">
    <subfield code="e">Autore musica</subfield>
    <subfield code="9">12374</subfield>
  </datafield>
  <datafield tag="100" ind1=" " ind2=" ">
    <subfield code="g">Codice autore musica SPICS: 12000</subfield>
    <subfield code="9">796</subfield>
  </datafield>
  <datafield tag="245" ind1=" " ind2=" ">
    <subfield code="a">Romantic Europe</subfield>
  </datafield>
  <datafield tag="250" ind1=" " ind2=" ">
    <subfield code="a">1a ed.</subfield>
  </datafield>
  <datafield tag="260" ind1=" " ind2=" ">
    <subfield code="a">LONDON</subfield>
  </datafield>
  <datafield tag="260" ind1=" " ind2=" ">
    <subfield code="b">DECCA RECORD COMPANY</subfield>
    <subfield code="c">1961 [1a Ed.:1961 - Ed. Lingua Orig.: 1961]</subfield>
  </datafield>
  <datafield tag="300" ind1=" " ind2=" ">
    <subfield code="a">DISCO</subfield>
  </datafield>
  <datafield tag="500" ind1=" " ind2=" ">
    <subfield code="a">Musica strumentale. Arrangiamento</subfield>
  </datafield>
  <datafield tag="505" ind1=" " ind2=" ">
    <subfield code="g">Love in Madrid (La paloma) - Under the Bridges of Paris - In Old Lisbon - Swedish Rhapsody - London By Night - Tulips From Amsterdam - Vienna, City of My Dreams - Summertime in Venice - Wonderful Copenhagen - Stars Over Crete - La belle Suisse - Wonderland By Night</subfield>
  </datafield>
  <datafield tag="650" ind1=" " ind2=" ">
    <subfield code="a">ARRANGIAMENTO [DISCHI]</subfield>
    <subfield code="e">Codice MATERIA SPICS: 9950</subfield>
    <subfield code="9">12375</subfield>
  </datafield>
  <datafield tag="700" ind1=" " ind2=" ">
    <subfield code="a">Chacksfield Frank</subfield>
    <subfield code="g">Codice interprete SPICS: 7948</subfield>
    <subfield code="e">Interprete</subfield>
    <subfield code="9">12376</subfield>
  </datafield>
  <datafield tag="700" ind1=" " ind2=" ">
    <subfield code="a">Yradier</subfield>
    <subfield code="g">Codice autore musica SPICS: 15687</subfield>
    <subfield code="e">Autore musica</subfield>
    <subfield code="p">Love in Madrid-La paloma</subfield>
    <subfield code="9">12377</subfield>
  </datafield>
  <datafield tag="700" ind1=" " ind2=" ">
    <subfield code="a">Kennedy J.</subfield>
    <subfield code="g">Codice autore SPICS: 14482</subfield>
    <subfield code="e">Autore</subfield>
    <subfield code="p">Love in Madrid-La paloma</subfield>
    <subfield code="9">12378</subfield>
  </datafield>
  <datafield tag="700" ind1=" " ind2=" ">
    <subfield code="a">Scotto Vincent</subfield>
    <subfield code="g">Codice autore musica SPICS: 13394</subfield>
    <subfield code="e">Autore musica</subfield>
    <subfield code="p">Under the Bridges of Paris</subfield>
    <subfield code="9">12379</subfield>
  </datafield>
  <datafield tag="700" ind1=" " ind2=" ">
    <subfield code="a">Cochran</subfield>
    <subfield code="g">Codice autore SPICS: 27590</subfield>
    <subfield code="e">Autore</subfield>
    <subfield code="p">Under the Bridges of Paris</subfield>
    <subfield code="9">12380</subfield>
  </datafield>
  <datafield tag="700" ind1=" " ind2=" ">
    <subfield code="a">Roda Francesco</subfield>
    <subfield code="g">Codice autore testo/musica SPICS: 15891</subfield>
    <subfield code="e">Autore testo/musica</subfield>
    <subfield code="p">Under the Bridges of Paris</subfield>
    <subfield code="9">12381</subfield>
  </datafield>
  <datafield tag="700" ind1=" " ind2=" ">
    <subfield code="a">Portela</subfield>
    <subfield code="g">Codice autore musica SPICS: 15892</subfield>
    <subfield code="e">Autore musica</subfield>
    <subfield code="p">In Old Lisbon</subfield>
    <subfield code="9">12382</subfield>
  </datafield>
  <datafield tag="700" ind1=" " ind2=" ">
    <subfield code="a">Dupree</subfield>
    <subfield code="g">Codice autore SPICS: 15893</subfield>
    <subfield code="e">Autore</subfield>
    <subfield code="p">In Old Lisbon</subfield>
    <subfield code="9">12383</subfield>
  </datafield>
  <datafield tag="700" ind1=" " ind2=" ">
    <subfield code="a">Salina</subfield>
    <subfield code="g">Codice autore testo/musica SPICS: 15804</subfield>
    <subfield code="e">Autore testo/musica</subfield>
    <subfield code="p">In Old Lisbon</subfield>
    <subfield code="9">12384</subfield>
  </datafield>
  <datafield tag="700" ind1=" " ind2=" ">
    <subfield code="a">Alfven</subfield>
    <subfield code="g">Codice autore musica SPICS: 15851</subfield>
    <subfield code="e">Autore musica</subfield>
    <subfield code="p">Swedish Rhapsody</subfield>
    <subfield code="9">12385</subfield>
  </datafield>
  <datafield tag="700" ind1=" " ind2=" ">
    <subfield code="a">Faith Percy</subfield>
    <subfield code="g">Codice autore SPICS: 15854</subfield>
    <subfield code="e">Autore</subfield>
    <subfield code="p">Swedish Rhapsody</subfield>
    <subfield code="9">12386</subfield>
  </datafield>
  <datafield tag="700" ind1=" " ind2=" ">
    <subfield code="a">Coates Eric</subfield>
    <subfield code="g">Codice autore musica SPICS: 14406</subfield>
    <subfield code="e">Autore musica</subfield>
    <subfield code="p">London By Night</subfield>
    <subfield code="9">12387</subfield>
  </datafield>
  <datafield tag="700" ind1=" " ind2=" ">
    <subfield code="a">Arnie</subfield>
    <subfield code="g">Codice autore musica SPICS: 15894</subfield>
    <subfield code="e">Autore musica</subfield>
    <subfield code="p">Tulips From Amsterdam</subfield>
    <subfield code="9">12388</subfield>
  </datafield>
  <datafield tag="700" ind1=" " ind2=" ">
    <subfield code="a">Martyn John</subfield>
    <subfield code="g">Codice autore SPICS: 15895</subfield>
    <subfield code="e">Autore</subfield>
    <subfield code="p">Tulips From Amsterdam</subfield>
    <subfield code="9">12389</subfield>
  </datafield>
  <datafield tag="700" ind1=" " ind2=" ">
    <subfield code="a">Bader Ernst</subfield>
    <subfield code="g">Codice autore testo/musica SPICS: 14434</subfield>
    <subfield code="e">Autore testo/musica</subfield>
    <subfield code="p">Tulips From Amsterdam</subfield>
    <subfield code="9">12390</subfield>
  </datafield>
  <datafield tag="700" ind1=" " ind2=" ">
    <subfield code="a">Sieczynski</subfield>
    <subfield code="g">Codice autore musica SPICS: 15896</subfield>
    <subfield code="e">Autore musica</subfield>
    <subfield code="p">Vienna, City of My Dreams</subfield>
    <subfield code="9">12391</subfield>
  </datafield>
  <datafield tag="700" ind1=" " ind2=" ">
    <subfield code="a">Bockton</subfield>
    <subfield code="g">Codice autore SPICS: 15897</subfield>
    <subfield code="e">Autore</subfield>
    <subfield code="p">Vienna, City of My Dreams</subfield>
    <subfield code="9">12392</subfield>
  </datafield>
  <datafield tag="700" ind1=" " ind2=" ">
    <subfield code="a">Icini A.</subfield>
    <subfield code="g">Codice autore musica SPICS: 13955</subfield>
    <subfield code="e">Autore musica</subfield>
    <subfield code="p">Summertime in Venice</subfield>
    <subfield code="9">12393</subfield>
  </datafield>
  <datafield tag="700" ind1=" " ind2=" ">
    <subfield code="a">Sigman C.</subfield>
    <subfield code="g">Codice autore SPICS: 14404</subfield>
    <subfield code="e">Autore</subfield>
    <subfield code="p">Summertime in Venice</subfield>
    <subfield code="9">12394</subfield>
  </datafield>
  <datafield tag="700" ind1=" " ind2=" ">
    <subfield code="a">Loesser Frank</subfield>
    <subfield code="g">Codice autore musica SPICS: 15672</subfield>
    <subfield code="e">Autore musica</subfield>
    <subfield code="p">Wonderful Copenhagen</subfield>
    <subfield code="9">12395</subfield>
  </datafield>
  <datafield tag="700" ind1=" " ind2=" ">
    <subfield code="a">Dumont</subfield>
    <subfield code="g">Codice autore musica SPICS: 15898</subfield>
    <subfield code="e">Autore musica</subfield>
    <subfield code="p">Stars Over Crete</subfield>
    <subfield code="9">12396</subfield>
  </datafield>
  <datafield tag="700" ind1=" " ind2=" ">
    <subfield code="a">Rehbein Herbert</subfield>
    <subfield code="g">Codice autore SPICS: 15899</subfield>
    <subfield code="e">Autore musica</subfield>
    <subfield code="p">Stars Over Crete</subfield>
    <subfield code="9">12397</subfield>
  </datafield>
  <datafield tag="700" ind1=" " ind2=" ">
    <subfield code="a">Vanberg</subfield>
    <subfield code="g">Codice autore musica SPICS: 15900</subfield>
    <subfield code="e">Autore musica</subfield>
    <subfield code="p">La belle Suisse</subfield>
    <subfield code="9">12398</subfield>
  </datafield>
  <datafield tag="700" ind1=" " ind2=" ">
    <subfield code="a">Neuman</subfield>
    <subfield code="g">Codice autore musica SPICS: 15902</subfield>
    <subfield code="e">Autore musica</subfield>
    <subfield code="p">Wonderland By Night</subfield>
    <subfield code="9">12399</subfield>
  </datafield>
  <datafield tag="700" ind1=" " ind2=" ">
    <subfield code="a">Chase</subfield>
    <subfield code="g">Codice autore SPICS: 15901</subfield>
    <subfield code="e">Autore</subfield>
    <subfield code="p">Wonderland By Night</subfield>
    <subfield code="9">12400</subfield>
  </datafield>
  <datafield tag="942" ind1=" " ind2=" ">
    <subfield code="c">MD</subfield>
    <subfield code="2">ddc</subfield>
  </datafield>
  <datafield tag="952" ind1=" " ind2=" ">
    <subfield code="0">0</subfield>
    <subfield code="1">0</subfield>
    <subfield code="4">0</subfield>
    <subfield code="6">25597_000000000000000</subfield>
    <subfield code="7">1</subfield>
    <subfield code="a">SPICS</subfield>
    <subfield code="b">SPICS</subfield>
    <subfield code="d">2013-10-25</subfield>
    <subfield code="l">0</subfield>
    <subfield code="o">25597</subfield>
    <subfield code="r">2013-10-25 00:00:00</subfield>
    <subfield code="w">2013-10-25</subfield>
    <subfield code="y">MD</subfield>
    <subfield code="z">Progr. Ins.: 5471 / N.Vol.: 1 / Copie: 1 - Copia rara: n.d. / date import: 01.01.2014 - By Epidotti, Trombetti, Vaglietti</subfield>
  </datafield>
</record>
